00824nam a22001697a 4500003000900000008004100009040007100050082002300121245007800144260003000222300002900252440005600281505026600337650001600603650001900619650001600638AR-CdUCM190429b ||||| |||| 00| 0 spa d aMUNICIPALIDAD PROVINCIAL DEL CUSCOcBIBLIOTECA MUNICIPAL DEL CUSCO aSenderos/N°2/1955 aSenderos pedagógicos :bórgano de los maestros primarios del Cuzco / aCuzco.bGarcilaso,c1955. a254 páginas. :c21 cm. asenderos pedagógicosnAño II, N°2, junio 1955. aContenido: Plan general de la concentración. -- La educación incaica en La Nueva Coronica y Buen Gobierno de Guamán Poma de Ayala. Edmundo Delgado Vivanco. -- La enseñanza de la música. Mac Cervantino. -- Acción social del Magisterio Cuzqueño. ... aPedagogía aColegios Cusco aEducación